000 00308cam a2200133ua 4500
003 OSt
008 231108b |||||||| |||| 00| 0 eng d
041 _amal
082 _a500
_bGOV/GE
245 _aGeneral science /
260 _aIndia :
_bThe Government of Kerala ,
_c1964.
300 _a92 ; .
942 _cBK
999 _c6122
_d6122